Los medios y el empobrecimiento del debate político
Guardado en:
| Format: | Texto |
|---|---|
| Tags: |
Tilføj Tag
Ingen Tags, Vær først til at tagge denne postø!
|
MARC
| LEADER | 00000 a a2200000 04500 | ||
|---|---|---|---|
| 001 | 42523 | ||
| 003 | |||
| 040 | |||
| 245 | |a Los medios y el empobrecimiento del debate político | ||
| 773 | |g volumen 24, número 1077 (2003), páginas 2-3 | ||
| 999 | |c 25954 |d 25954 | ||
